Design of Solar Mill " Converting Solar Energy into Mechanical Enegy Directly" (Record no. 326387)

000 -LEADER
fixed length control field 00419 a2200133 4500
001 - CONTROL NUMBER
control field 91314
082 ## - DEWEY DECIMAL CLASSIFICATION NUMBER
Classification number PR 1209
090 ## - LOCALLY ASSIGNED LC-TYPE CALL NUMBER (OCLC); LOCAL CALL NUMBER (RLIN)
-- 43422
-- 43421
100 ## - MAIN ENTRY--PERSONAL NAME
Personal name Ihsan Naji; Prof Eubaid John and Khalid Pervaiz (Advisors)
245 ## - TITLE STATEMENT
Title Design of Solar Mill " Converting Solar Energy into Mechanical Enegy Directly"
Number of part/section of a work 43 "A" EC
260 ## - PUBLICATION, DISTRIBUTION, ETC.
Place of publication, distribution, etc. Karachi
Name of publisher, distributor, etc. NED University
Date of publication, distribution, etc. 1995
300 ## - PHYSICAL DESCRIPTION
Extent viii,160p
500 ## - GENERAL NOTE
General note BE Project Reports
942 ## - ADDED ENTRY ELEMENTS (KOHA)
Institution code [OBSOLETE] CAE NUST
Call number prefix PR 1209
Holdings
Withdrawn status Lost status Damaged status Not for loan Collection code Permanent Location Current Location Date acquired Total Checkouts Full call number Barcode Date last seen Price effective from Koha item type
          College of Aeronautical Engineering (CAE) College of Aeronautical Engineering (CAE) 04/03/2017   PR 1209 CAEPR-1209 04/05/2017 04/05/2017 Book
© 2023 Central Library, National University of Sciences and Technology. All Rights Reserved.